000
00335pab a2200145 454500
008
180718b1998 xxu||||| |||| 00| 0 eng d
100
_a
Arora, R.C.
245
_a
13th symposium on international terrorism
260
_c
1998
300
_a
p.24-27
362
_a
Nov
650
_a
Terrorism
773
_a
CBI Bulletin
909
_a
40337
999
_c
40337
_d
40337